000 00232nam a22001217a 4500
003 SGT
082 _bDES
100 _aDESAI, JITENDRA
245 _aNATURE CARE
260 _aINDIA
_bJHMN
_c1954
300 _a71
942 _2ddc
_cBK
999 _c19983
_d19983